| 000 | 00700nam a2200205 i 4500 | ||
|---|---|---|---|
| 001 | 78353 | ||
| 003 | ES-MaACL | ||
| 005 | 20230906173652.0 | ||
| 007 | t| | ||
| 008 | 041013s1966 sp ||||1| spa d | ||
| 100 | 1 |
_aHagedoorn, Arend Lourens. _961442 |
|
| 245 | 1 | 0 |
_aCría de animales / _cA. L. Hagedoorn ; presentada y anotada por Allan Fraser ; [traducción por Justo Nombela y José María Iturbe Hernando]. |
| 260 |
_aMadrid : _bTecnos, _c[1966] |
||
| 300 |
_a493 p., 8 lám. ; _c22 cm. |
||
| 650 |
_aReproducción. _916853 |
||
| 700 | 1 |
_aFraser, Allan. _952372 |
|
| 700 | 1 |
_aIturbe Hernando, José María. _965618 |
|
| 700 | 1 |
_aNombela, Justo. _985931 |
|
| 852 |
_aES-MaACL _jC-31597 _bR.62288 |
||
| 999 |
_c78353 _d78353 |
||